Singers that Act in Famous Movies - Statistics

General Stats
  • This quiz has been taken 66 times
  • The average score is 8 of 20
Answer Stats
Movie Role Singer % Correct
House of Gucci Patrizia Reggiani Lady Gaga
69%
8 Mile B-Rabbit Eminem
63%
Ocean's 8 Nine Ball Rihanna
59%
The Lion King Nala Beyonce
56%
9 to 5 Doralee Rhodes Dolly Parton
56%
Trolls Branch Justin Timberlake
53%
Zootopia Gazelle Shakira
53%
Maid In Manhattan Marisa Ventura Jennifer Lopez
49%
Cats Bombalurina Taylor Swift
49%
Camp Rock Mitchie Torres Demi Lovato
47%
Moonstruck Loretta Castorini Cher
44%
Dunkrik Alex Harry Styles
41%
The Smurfs Smurfette Katy Perry
34%
Lyle, Lyle, Crocodile Lyle Shawn Mendes
32%
Spring Breakers Faith Selena Gomez
31%
Zoolander 2 Latex BDSM Ariana Grande
24%
La La Land Keith John Legend
19%
The Other Woman Lydia Nicki Minaj
10%
Fifty Shades of Grey Mia Grey Rita Ora
8%
The Faculty Gabe Sontura Usher
7%
No matching quizzes found
Score Distribution
Percent of People with Each Score
Percentile by Number Answered
Your Score History
You have not taken this quiz